| 000 | 00387nam a22001577a 4500 | ||
|---|---|---|---|
| 003 | LK-CoDNM | ||
| 005 | 20240919100047.0 | ||
| 008 | 240815b |||||||| |||| 00| 0 eng d | ||
| 040 |
_aLK-CoDNM _dLK-CoDNM _eLK-CoDNM |
||
| 041 | _asin | ||
| 080 | _bGP2007 | ||
| 245 | _aSessional papers -2007 | ||
| 260 |
_aColombo _bGovernment printers _c2007 |
||
| 300 | _b119p. ; 24 cm | ||
| 942 | _cBK | ||
| 999 |
_c147911 _d147911 |
||